The Sage dictionary of statistics (Record no. 129590)
[ view plain ]
| 000 -LEADER | |
|---|---|
| fixed length control field | 01434nam a2200349Ia 4500 |
| 100 1# - MAIN ENTRY--AUTHOR NAME | |
| Personal name | Cramer, Duncan, |
| 245 14 - TITLE STATEMENT | |
| Title | The Sage dictionary of statistics |
| 260 ## - PUBLICATION, DISTRIBUTION, ETC. (IMPRINT) | |
| Place of publication | Thousand Oaks, CA ; |
| -- | London : |
| Name of publisher | Sage Publications, |
| Year of publication | 2004. |
| 300 ## - PHYSICAL DESCRIPTION | |
| Number of Pages | x, 188 p. : |
| Other physical details | ill. |
| 650 #0 - SUBJECT ADDED ENTRY--TOPICAL TERM | |
| Topical Term | Social sciences |
| Topical Term | Social sciences |
| Topical Term | Statistics |
| 700 1# - ADDED ENTRY--PERSONAL NAME | |
| Personal name | Howitt, Dennis. |
| 856 40 - ELECTRONIC LOCATION AND ACCESS | |
| Uniform Resource Identifier | http://site.ebrary.com/lib/rucke/Doc?id=10218033 |
No items available.
